Industrial Applications of Microemulsions / (Record no. 12069)
[ view plain ]
| 000 -LEADER | |
|---|---|
| fixed length control field | 01212cam a2200277 a 4500 |
| 001 - CONTROL NUMBER | |
| control field | 692478 |
| 005 - DATE AND TIME OF LATEST TRANSACTION | |
| control field | 20060728221516.0 |
| 008 - FIXED-LENGTH DATA ELEMENTS--GENERAL INFORMATION | |
| fixed length control field | 960917s1997 nyua b 001 0 eng |
| 010 ## - LIBRARY OF CONGRESS CONTROL NUMBER | |
| LC control number | 96044788 |
| 020 ## - INTERNATIONAL STANDARD BOOK NUMBER | |
| International Standard Book Number | 0824797957 (hardcover : alk. paper) |
| 040 ## - CATALOGING SOURCE | |
| Original cataloging agency | DLC |
| Transcribing agency | DLC |
| Modifying agency | DLC |
| 050 00 - LIBRARY OF CONGRESS CALL NUMBER | |
| Classification number | TP156.E6 |
| Item number | I5 1997 |
| 082 00 - DEWEY DECIMAL CLASSIFICATION NUMBER | |
| Classification number | 660.294514 |
| Edition number | 22 |
| Item number | IND |
| 245 00 - TITLE STATEMENT | |
| Title | Industrial Applications of Microemulsions / |
| Statement of responsibility, etc | edited by Conxita Solans, Hironobu Kunieda. |
| 260 ## - PUBLICATION, DISTRIBUTION, ETC. (IMPRINT) | |
| Place of publication, distribution, etc | New York : |
| Name of publisher, distributor, etc | M. Dekker, |
| Date of publication, distribution, etc | c1997. |
| 300 ## - PHYSICAL DESCRIPTION | |
| Extent | ix, 404 p. : |
| Other physical details | ill. ; |
| Dimensions | 24 cm. |
| 490 ## - Series Statement | |
| Series statement | Surfactant science series ; |
| Volume/sequential designation | v. 66 |
| 504 ## - BIBLIOGRAPHY, ETC. NOTE | |
| Bibliography, etc | Includes bibliographical references and index. |
| 650 #0 - SUBJECT ADDED ENTRY--TOPICAL TERM | |
| Topical term or geographic name as entry element | Emulsions. |
| 9 (RLIN) | 7065 |
| 700 1# - ADDED ENTRY--PERSONAL NAME | |
| Personal name | Solans, C. |
| 9 (RLIN) | 7066 |
| 700 1# - ADDED ENTRY--PERSONAL NAME | |
| Personal name | Kunieda, Hironobu, |
| Dates associated with a name | 1948- |
| 9 (RLIN) | 7067 |
| 856 42 - ELECTRONIC LOCATION AND ACCESS | |
| Materials specified | Publisher description |
| Uniform Resource Identifier | <a href="http://www.loc.gov/catdir/enhancements/fy0647/96044788-d.html">http://www.loc.gov/catdir/enhancements/fy0647/96044788-d.html</a> |
| 942 ## - ADDED ENTRY ELEMENTS (KOHA) | |
| Source of classification or shelving scheme | Dewey Decimal Classification |
| Item type | Book - Borrowing |
| Withdrawn status | Item status | Source of classification or shelving scheme | Damaged status | Not for loan | Vendor | Home library | Current library | Shelving location | Date acquired | Source of acquisition | Cost, normal purchase price | Total Checkouts | Full call number | Barcode | Date last seen | Date last borrowed | Koha item type |
|---|---|---|---|---|---|---|---|---|---|---|---|---|---|---|---|---|---|
| Dewey Decimal Classification | Alef-Baa | Central Library | Central Library | First floor | 28/06/2009 | 150.00 | 1 | 660.294514 IND | 000017243 | 15/07/2025 | 09/12/2009 | Book - Borrowing |